000 00874nam a2200265Ia 4500
003 OSt
005 20220918170452.0
006 a|||||r|||| 00| 0
007 ta
008 220917b |||||||| |||| 00| 0 eng d
020 _a9780231149990 (pbk)
_c2077.94
024 _a271,658
037 _bCBS/55, 15/07/2013, Classic Book Service
_cTextual
040 _aARTS
_cARTS
_beng
041 _2eng
_aeng
082 _aQ22:223:g, Q3
100 _aGupta Ravi M. Ed.
_929241
245 0 _aBhagavata purana
_b Sacred text and living tradition
260 _aNew York
_bColumbia University Press U.S.A
_c2013
300 _axiii, 279p.
_ccm.
650 _aRELIGION
700 _a Valpey Kenneth R. Ed.
_929242
942 _hQ22:223:g, Q3
_cTEXL
_2CC
999 _c134296
_d134296